000 00468nam a22001697a 4500
003 OSt
005 20251218061526.0
008 251218b |||||||| |||| 00| 0 eng d
020 _a0-451-16886-0.
040 _aDWCL-Main lib
_cOC
082 _aGR. 920 B967g 1988
100 _aBurns, George
245 _aGracie :
_ba love story
_cBurns, George
260 _aN. Y. :
_bA Signet Book,
_cc1998.
300 _a316 pages :
_billustration ;
_c17 cm.
942 _2ddc
_cGR
_kGR.
_n0
999 _c7198
_d7198